000 01533cam a2200361 a 4500
001 13258419
005 20170105102855.0
008 030701s2004 enka b 001 0 eng
010 _a 2003109255
015 _aGBA3-T7000
020 _a076194902X (pbk.)
020 _a0761949011
035 _a(OCoLC)ocm53389321
040 _aUKM
_cUKM
_dC#P
_dOCLCQ
_dIBS
_dDLC
042 _alccopycat
050 0 0 _aHV697
_b.H65 2004
082 0 4 _a362.7
_221
100 1 _aHolland, Sally.
245 1 0 _aChild and family assessment in social work practice /
_cSally Holland.
260 _aLondon ;
_aThousand Oaks, Calif. :
_bSAGE,
_c2004.
300 _a176 p. :
_bill. ;
_c25 cm.
504 _aIncludes bibliographical references (p. [162]-174) and index.
505 0 _aAssessment in child care social work -- The nature of assessment -- Time and change -- The assessment relationship -- Children in assessments -- Assessing parents : parenting skills and parental relationships -- Assessment design -- Analysing and reporting.
650 0 _aFamily social work.
650 0 _aSocial work with children.
650 0 _aFamily assessment.
856 4 2 _3Publisher description
_uhttp://www.loc.gov/catdir/enhancements/fy0657/2003109255-d.html
856 4 1 _3Table of contents only
_uhttp://www.loc.gov/catdir/enhancements/fy0657/2003109255-t.html
906 _a7
_bcbc
_ccopycat
_d3
_encip
_f20
_gy-gencatlg
942 _2ddc
_cBK
999 _c14431
_d14431